April 9th: Birthdays - Statistics

General Stats
  • This quiz has been taken 13 times
  • The average score is 2 of 11
Answer Stats
Year Clue Answer % Correct
1999 Artist of Old Town Road Lil Nas X
69%
1926 Founder of Playboy Hugh Hefner
62%
1990 Actress in Bella-Swan-The Twilight Saga Kristen Stewart
46%
1898 Founder of the Green Bay Packers Curly Lambeau
31%
1977 Part of My Chemical Romance Gerard Way
15%
1806 Designed SS Great Britain Isambard Brunel
8%
1336 Founder of the Timurid Dynasty Tamerlane
8%
1966 Actor in Sex in the City Cynthia Nixon
0%
1865 German WWI General Erich Ludendorff
0%
1933 Actor in Casino Jean-Paul Belmondo
0%
1957 Won 5 Majors Seve Ballesteros
0%
No matching quizzes found
Score Distribution
Percent of People with Each Score
Percentile by Number Answered
Your Score History
You have not taken this quiz